Secondary Characters in these Sitcoms Quiz Stats

 Plays Quiz not verified by Sporcle

Support Sporcle.
Go Orange.
Score 0/19 Timer 04:00
0 Plays Today
Show Character % Correct
HIMYMWendy the Waitress
70%
HIMYMCarl the Bartender
50%
3RJames Spurlock
40%
3RLutz
30%
HIMYMRanjit
30%
30 RockCerie
20%
3RJosh Girard
20%
3RDot Com
20%
3RGrizz
20%
The Big Bang TheoryLeslie Winkle
20%
Show Character % Correct
BBTAmy Farrah Fowler
20%
3RJonathan
10%
How I Met Your MotherDaughter
10%
HIMYMSon
10%
HIMYMZoey Pierson
10%
HIMYMThe Captain
10%
BBTBernadette Rostenkowski
10%
HIMYMJames Stinson
0%
HIMYMMarvin Eriksen
0%

You're not logged in!

Compare scores with friends on all Sporcle quizzes.
OR
Log In

From the Vault

80% TV Shows

by Pilgab

The other 20% is entertainment.
Remove Ads.
Support Sporcle.
Get the best of Sporcle when you Go Orange. This ad-free experience offers more features, more stats, and more fun while also helping to support Sporcle. Thank you for becoming a member.

Show Comments

Extras

Created Feb 22, 2011ReportNominate
Tags:Show Quiz, Character, star

Top Quizzes Today


Score Distribution

Your Account Isn't Verified!

In order to create a playlist on Sporcle, you need to verify the email address you used during registration. Go to your Sporcle Settings to finish the process.

Report this User

Report this user for behavior that violates our Community Guidelines.

Details: